Library of the University of Algiers 3
Ibrahim Sultan Cheibout
شعار جامعة الجزائر 3
مكتبة جامعة الجزائر 3
إبراهيم سلطان شيبوط

نظم المعلومات المحاسبيه في المنشاًٌَُت المالية : (رقم التسجيلة. 42841)

تفاصيل مارك
000 -LEADER
fixed length control field 01011nam a2200193Ia 4500
003 - CONTROL NUMBER IDENTIFIER
control field Ost
005 - DATE AND TIME OF LATEST TRANSACTION
control field 20260507075109.0
008 - FIXED-LENGTH DATA ELEMENTS--GENERAL INFORMATION
fixed length control field 260507s9999||||xx |||||||||||||| ||und||
040 ## - CATALOGING SOURCE
Transcribing agency fsecg
041 ## - LANGUAGE CODE
Language code of text/sound track or separate title ara
082 ## - DEWEY DECIMAL CLASSIFICATION NUMBER
Classification number 330
100 ## - MAIN ENTRY--PERSONAL NAME
Personal name محمد، الفيومي محمد
Relator term مؤلف
245 #0 - TITLE STATEMENT
Title نظم المعلومات المحاسبيه في المنشاًٌَُت المالية :
Remainder of title مدخل النظم /
Statement of responsibility, etc. الفيومي محمد محمد
260 ## - PUBLICATION, DISTRIBUTION, ETC.
Place of publication, distribution, etc. الاسكندرية:
Name of publisher, distributor, etc. المكتب الجامعي الحديث,
Date of publication, distribution, etc. 1999
300 ## - PHYSICAL DESCRIPTION
Extent 780 صفحة؛
Dimensions 24 سم
520 ## - SUMMARY, ETC.
Summary, etc. عالج هذا الكتاب في طياته مدقة للحاسبات والمحاسبة في البنوك كما اشار الى تصميم نظم المعلومات المحاسبية في شركات التأمين وفي الأخير ختم بتطبيقات علمية وتمارين محلولة
653 ## - INDEX TERM--UNCONTROLLED
Uncontrolled term نظم معلومات المحاسبية - محاسبة - منشآت مالية
942 ## - ADDED ENTRY ELEMENTS (KOHA)
Koha item type كتب
المقتنيات
Withdrawn status Lost status Source of classification or shelving scheme Damaged status Not for loan Home library Current library Date acquired Serial enumeration / chronology Inventory number Total checkouts Full call number Barcode Date last seen Price effective from Koha item type
    Dewey Decimal Classification   NOT LOAN / إعارة داخلية مكتبة كلية العلوم الإقتصادية والعلوم التجارية وعلوم التسيير مكتبة كلية العلوم الإقتصادية والعلوم التجارية وعلوم التسيير 07/05/2026 الطابق الأرضي 1417/1   أ/1417ن1 1417/1 07/05/2026 07/05/2026 كتب

موارد الويب المفتوحة


© University of Algiers 3 All Rights Reserved
|
Implemented by LECHELAH Riad